000 00465nam a2200181Ia 4500
001 2454
005 20260306144808.0
008 260306t2011||||xx |||||||||||||| ||spa||
041 _aESP
082 _a616.89
_bS712A
100 _aSadock, Benjamin J.
_eAUT
245 0 _aKaplan & Sadock. Manual de bolsillo de psiquiatría clínica
260 _c2011
300 _aix, 512 páginas :
_c24 cm.
650 _aGEN
654 _aCPS
942 _cLIB
_dJUS
_fJUS
_2ddc
_n
999 _c2454
_d2454